[Event "27th Klatovy B 2019"]
[Site "Klatovy CZE"]
[Date "2019.07.07"]
[Round "9.32"]
[White "Vasko, Pavel"]
[Black "Vnoucek, Pavel"]
[Result "1-0"]
[WhiteElo "1560"]
[BlackElo "1739"]
[PlyCount "55"]
[EventDate "2019.06.29"]
[EventType "swiss"]
[EventRounds "9"]
[EventCountry "CZE"]

1. e4 c5 2. Nf3 d6 3. d4 cxd4 4. Nxd4 Nf6 5. Bd3 e5 6. Ne2 Nc6 7. c3 Be7 8. Ng3 O-O 9. O-O Be6 10. Nd2 Qc7 11. h3 Rfd8 12. Qe2 d5 13. Nf3 d4 14. Bd2 Rd7 15. Rfd1 Rad8 16. Rac1 a6 17. b3 b5 18. cxd4 exd4 19. Rc2 Qb6 20. Rdc1 Na7 21. Qe1 Qb7 22. Ng5 Rc8 23. e5 Nd5 24. Bxh7+ Kf8 25. Nxe6+ fxe6 26. Rxc8+ Nxc8 27. Qe4 Bd8 28. Qf3+ 1-0

[Event "27th Klatovy B 2019"]
[Site "Klatovy CZE"]
[Date "2019.07.07"]
[Round "9.33"]
[White "Kirs, Pavel"]
[Black "Kalista, Karel"]
[Result "1-0"]
[WhiteElo "1567"]
[BlackElo "1736"]
[PlyCount "81"]
[EventDate "2019.06.29"]
[EventType "swiss"]
[EventRounds "9"]
[EventCountry "CZE"]

1. b3 Nf6 2. Bb2 g6 3. e4 d6 4. Nf3 c5 5. Bb5+ Bd7 6. Qe2 Bg7 7. O-O Nc6 8. Nc3 O-O 9. Nd5 Nxd5 10. Bxg7 Nf4 11. Qe3 Nh3+ 12. gxh3 Kxg7 13. Bxc6 Bxc6 14. d4 cxd4 15. Nxd4 Qc7 16. Nxc6 bxc6 17. c4 f5 18. f3 Rf7 19. Rae1 f4 20. Qd4+ e5 21. Qc3 Rf6 22. Rd1 g5 23. Qd2 Rh6 24. Qg2 Kh8 25. Kh1 Rg8 26. Rg1 Rgg6 27. Qf1 Qc8 28. Rg4 Rh4 29. Qg2 Rxg4 30. hxg4 Qc7 31. Qb2 Qb6 32. Rxd6 Kg7 33. Qxe5+ Kf8 34. Rxg6 hxg6 35. Qf6+ Ke8 36. Qxg6+ Kd7 37. Qg7+ Kc8 38. Qb2 Qe3 39. Kg2 Kb7 40. Qf2 Qc1 41. h4 1-0

[Event "27th Klatovy B 2019"]
[Site "Klatovy CZE"]
[Date "2019.07.07"]
[Round "9.34"]
[White "Spackova, Martina 1992"]
[Black "Pucholt, Martin"]
[Result "1/2-1/2"]
[WhiteElo "1688"]
[BlackElo "1555"]
[PlyCount "106"]
[EventDate "2019.06.29"]
[EventType "swiss"]
[EventRounds "9"]
[EventCountry "CZE"]

1. e4 c5 2. Nf3 d6 3. d4 cxd4 4. Nxd4 Nf6 5. Nc3 a6 6. Be2 e5 7. Nb3 Be7 8. Be3 Be6 9. Nd5 Nxd5 10. exd5 Bf5 11. Qd2 Nd7 12. c4 b6 13. O-O O-O 14. f4 f6 15. g4 exf4 16. Bxf4 Bg6 17. Nd4 Bf7 18. Nf5 Re8 19. Nxd6 Bxd6 20. Bxd6 Ne5 21. Bxe5 Rxe5 22. Rf5 Qd6 23. Qf4 Rae8 24. Bd3 Qc5+ 25. Qf2 Re3 26. Bf1 R8e4 27. Kh1 Bg6 28. Rf4 Re5 29. Bg2 Qe7 30. h4 h6 31. Rd1 Qd6 32. Rf3 R3e4 33. Rf4 Rxf4 34. Qxf4 Re1+ 35. Qf1 Rxf1+ 36. Rxf1 b5 37. b3 bxc4 38. bxc4 Bf7 39. Rd1 Kf8 40. Bf1 a5 41. Kg2 Ke7 42. Rb1 Kd8 43. Rb5 a4 44. Ra5 a3 45. Ra8+ Ke7 46. Ra7+ Kf8 47. Ra8+ Be8 48. Bd3 Ke7 49. Ra7+ Kf8 50. Ra8 Kf7 51. Ra7+ Kg8 52. Ra8 Kf7 53. Ra7+ Kf8 1/2-1/2

[Event "27th Klatovy B 2019"]
[Site "Klatovy CZE"]
[Date "2019.07.07"]
[Round "9.35"]
[White "Juhanak, Daniel"]
[Black "Vavrinek, Tomas"]
[Result "1/2-1/2"]
[WhiteElo "1555"]
[BlackElo "1686"]
[PlyCount "116"]
[EventDate "2019.06.29"]
[EventType "swiss"]
[EventRounds "9"]
[EventCountry "CZE"]

1. Nf3 d5 2. d4 Nf6 3. c4 e6 4. g3 Be7 5. Bg2 O-O 6. O-O Nbd7 7. Nbd2 b6 8. Ne5 Bb7 9. f4 c5 10. e3 Qc7 11. g4 Ne4 12. Nxe4 dxe4 13. g5 Nxe5 14. dxe5 Rad8 15. Qg4 Rd3 16. h4 Rfd8 17. b3 a6 18. h5 Qd7 19. g6 Rd1 20. gxf7+ Kxf7 21. Bb2 Rxa1 22. Bxa1 Qd2 23. f5 Qxe3+ 24. Kh2 Qg5 25. fxe6+ Kg8 26. Qxg5 Bxg5 27. Rf7 Bc6 28. Rc7 Ba8 29. Rd7 Kf8 30. Rd6 Rxd6 31. exd6 Bf4+ 32. Kh3 Bxd6 33. Kg4 Ke7 34. Kf5 g6+ 35. hxg6 hxg6+ 36. Kxg6 Kxe6 37. Bb2 Be5 38. Bc1 Bd4 39. Bf4 Be5 40. Bc1 Bc6 41. a4 Be8+ 42. Kg5 Bc6 43. Kg6 Kd6 44. Kf5 Bd7+ 45. Kg6 Bg4 46. Bxe4 Bd1 47. Bb7 a5 48. Ba6 Bxb3 49. Bb5 Bc2+ 50. Kf7 Be4 51. Bg5 Bc6 52. Be7+ Kc7 53. Bxc6 Kxc6 54. Ke6 Bb2 55. Bd8 Bc1 56. Ke5 Be3 57. Ke6 Bf4 58. Bf6 Be3 1/2-1/2

[Event "27th Klatovy B 2019"]
[Site "Klatovy CZE"]
[Date "2019.07.07"]
[Round "9.36"]
[White "Dolejs, Jakub"]
[Black "Skutil, Frantisek"]
[Result "0-1"]
[WhiteElo "1434"]
[BlackElo "1681"]
[PlyCount "102"]
[EventDate "2019.06.29"]
[EventType "swiss"]
[EventRounds "9"]
[EventCountry "CZE"]

1. d4 Nf6 2. c4 g6 3. Nc3 Bg7 4. e4 d6 5. h3 O-O 6. Nf3 e5 7. d5 a5 8. Bd3 Na6 9. O-O Nc5 10. Bc2 h6 11. Be3 Ne8 12. Re1 Bd7 13. a3 b6 14. Rb1 f5 15. exf5 Bxf5 16. Bxf5 Rxf5 17. b4 axb4 18. axb4 Nd7 19. Qd2 Kh7 20. Rec1 Rf7 21. Ne4 Nef6 22. Nxf6+ Qxf6 23. Rc2 Qe7 24. Rbc1 e4 25. Nd4 Ne5 26. Ne6 Nd3 27. Rb1 g5 28. f3 Qf6 29. Bd4 Ne5 30. fxe4 c5 31. dxc6 Qxe6 32. Bxe5 Bxe5 33. b5 Qf6 34. Qd3 Qf4 35. g4 Qg3+ 36. Qxg3 Bxg3 37. Rd2 Be5 38. Rbd1 Ra4 39. c5 dxc5 40. Rd7 Ra7 41. Kg2 Kg7 42. Kh1 Ra1 43. h4 Rxd1+ 44. Rxd1 gxh4 45. g5 hxg5 46. c7 Rxc7 47. Kg2 c4 48. Rc1 c3 49. Rc2 Rc5 50. Kf3 Rxb5 51. Ke3 Rb2 0-1

[Event "27th Klatovy B 2019"]
[Site "Klatovy CZE"]
[Date "2019.07.07"]
[Round "9.37"]
[White "Matlocha, Lubomir"]
[Black "Simunek, Jakub Simon"]
[Result "1/2-1/2"]
[WhiteElo "1663"]
[BlackElo "1457"]
[PlyCount "65"]
[EventDate "2019.06.29"]
[EventType "swiss"]
[EventRounds "9"]
[EventCountry "CZE"]

1. c4 c5 2. Nc3 Nc6 3. g3 g6 4. Bg2 Bg7 5. Nf3 Nf6 6. O-O O-O 7. d4 cxd4 8. Nxd4 Nxd4 9. Qxd4 d6 10. Rd1 Nd7 11. Qd2 Qa5 12. Nd5 Qd8 13. Rb1 Nc5 14. e4 Bg4 15. f3 Bd7 16. b3 f5 17. Bb2 Bxb2 18. Qxb2 fxe4 19. fxe4 Bg4 20. Rf1 Qd7 21. Qd2 Rad8 22. Qg5 Rxf1+ 23. Rxf1 Re8 24. Qd2 b6 25. Qg5 Be6 26. Nf4 Bf7 27. h4 Ne6 28. Bh3 Nxg5 29. Bxd7 Rd8 30. Bc6 Ne6 31. Nxe6 Bxe6 32. Rf4 Rf8 33. Rxf8+ 1/2-1/2

[Event "27th Klatovy B 2019"]
[Site "Klatovy CZE"]
[Date "2019.07.07"]
[Round "9.38"]
[White "Stanke, Petr"]
[Black "Leseticky, Vladimir"]
[Result "1-0"]
[WhiteElo "1463"]
[BlackElo "1631"]
[PlyCount "55"]
[EventDate "2019.06.29"]
[EventType "swiss"]
[EventRounds "9"]
[EventCountry "CZE"]

1. d4 d5 2. c4 e6 3. Nc3 Nf6 4. cxd5 exd5 5. Bg5 Be7 6. Nf3 O-O 7. e3 c6 8. Bd3 Bg4 9. h3 Bh5 10. g4 Bg6 11. Ne5 Nbd7 12. Nxg6 hxg6 13. Qc2 c5 14. O-O-O cxd4 15. exd4 Rc8 16. f3 Qa5 17. Kb1 Bb4 18. Bd2 Rc6 19. h4 Rfc8 20. h5 g5 21. h6 Ne4 22. fxe4 Bxc3 23. Bxc3 Rxc3 24. bxc3 Rxc3 25. Qb2 Rc6 26. Ka1 Rb6 27. h7+ Kh8 28. Rc1 1-0

[Event "27th Klatovy B 2019"]
[Site "Klatovy CZE"]
[Date "2019.07.07"]
[Round "9.39"]
[White "Svec, Ludek"]
[Black "Konig, Vlastislav 1957"]
[Result "0-1"]
[WhiteElo "1620"]
[BlackElo "1630"]
[PlyCount "74"]
[EventDate "2019.06.29"]
[EventType "swiss"]
[EventRounds "9"]
[EventCountry "CZE"]

1. d4 d5 2. Nf3 Nf6 3. g3 e6 4. Bg2 Be7 5. c4 O-O 6. O-O Nbd7 7. Qc2 c6 8. Nc3 b6 9. cxd5 exd5 10. Bg5 Bb7 11. Rad1 h6 12. Bc1 Re8 13. Nh4 Nh7 14. Nf5 Bf8 15. e4 Ndf6 16. e5 Nd7 17. Rde1 Ng5 18. h4 Ne6 19. Rd1 f6 20. f4 b5 21. b3 b4 22. Na4 c5 23. Be3 Rc8 24. Qf2 cxd4 25. Nxd4 fxe5 26. Nxe6 Rxe6 27. Bxd5 Bxd5 28. Rxd5 Qe7 29. Ra5 exf4 30. Bxf4 Re2 31. Qd4 Re1 32. Rxe1 Qxe1+ 33. Kg2 Rc2+ 34. Kh3 Qf1+ 35. Kg4 Nf6+ 36. Kf5 Qh3+ 37. Ke5 Re2+ 0-1

[Event "27th Klatovy B 2019"]
[Site "Klatovy CZE"]
[Date "2019.07.07"]
[Round "9.40"]
[White "Novy, Jaroslav"]
[Black "Kubat, Zbynek"]
[Result "1/2-1/2"]
[WhiteElo "1632"]
[BlackElo "1612"]
[PlyCount "33"]
[EventDate "2019.06.29"]
[EventType "swiss"]
[EventRounds "9"]
[EventCountry "CZE"]

1. e4 d6 2. d4 e6 3. Nf3 b6 4. Nc3 Bb7 5. a3 Nf6 6. Bd3 Be7 7. Bg5 h6 8. Be3 Nbd7 9. Nd2 c5 10. f3 O-O 11. O-O cxd4 12. Bxd4 e5 13. Be3 Nc5 14. Bc4 d5 15. exd5 Nxd5 16. Nxd5 Bxd5 17. Bxd5 1/2-1/2

[Event "27th Klatovy B 2019"]
[Site "Klatovy CZE"]
[Date "2019.07.07"]
[Round "9.41"]
[White "Langmajerova, Jana"]
[Black "Vorsilka, Jiri"]
[Result "1-0"]
[WhiteElo "1336"]
[BlackElo "1568"]
[PlyCount "53"]
[EventDate "2019.06.29"]
[EventType "swiss"]
[EventRounds "9"]
[EventCountry "CZE"]

1. e4 c5 2. Nf3 d6 3. d4 cxd4 4. Nxd4 Nf6 5. Nc3 a6 6. a4 e5 7. Nf3 Be7 8. Bd3 O-O 9. h3 Nc6 10. O-O Be6 11. Ng5 Rc8 12. Nxe6 fxe6 13. f4 Qb6+ 14. Kh1 exf4 15. Rxf4 e5 16. Rf1 Nd4 17. Ne2 Nh5 18. Rxf8+ Rxf8 19. Nxd4 Ng3+ 20. Kh2 Qxd4 21. Kxg3 Qf2+ 22. Kh2 Bh4 23. Qg4 Rf6 24. Bg5 Bxg5 25. Qxg5 Rg6 26. Bc4+ Kf8 27. Qd8# 1-0

[Event "27th Klatovy B 2019"]
[Site "Klatovy CZE"]
[Date "2019.07.07"]
[Round "9.42"]
[White "Rychtecky, Pavel"]
[Black "Martinkova, Magdalena"]
[Result "0-1"]
[WhiteElo "1630"]
[BlackElo "1359"]
[PlyCount "64"]
[EventDate "2019.06.29"]
[EventType "swiss"]
[EventRounds "9"]
[EventCountry "CZE"]

1. e4 e5 2. Nf3 Nc6 3. Bb5 a6 4. Ba4 Nf6 5. O-O b5 6. Bb3 Be7 7. Re1 O-O 8. c3 d5 9. exd5 Nxd5 10. Nxe5 Nxe5 11. Rxe5 c6 12. d4 Bd6 13. Re1 Qh4 14. g3 Qh3 15. Be3 Bg4 16. Qd3 Kh8 17. Nd2 f5 18. Qf1 Qh5 19. Bxd5 cxd5 20. f4 Rae8 21. Qg2 Re4 22. Nxe4 fxe4 23. Qd2 Bf3 24. Rf1 g5 25. Rxf3 Qxf3 26. Rf1 Qg4 27. Kh1 gxf4 28. gxf4 Qh4 29. f5 Qh5 30. f6 Qg6 31. Qf2 Qh5 32. f7 Rxf7 0-1

[Event "27th Klatovy B 2019"]
[Site "Klatovy CZE"]
[Date "2019.07.07"]
[Round "9.43"]
[White "Malimanek, Marek"]
[Black "Zednik, Zdenek"]
[Result "0-1"]
[WhiteElo "1408"]
[BlackElo "1879"]
[PlyCount "116"]
[EventDate "2019.06.29"]
[EventType "swiss"]
[EventRounds "9"]
[EventCountry "CZE"]

1. e4 e6 2. d4 d5 3. e5 c5 4. c3 Bd7 5. Be3 Qb6 6. Qd2 Bb5 7. Bxb5+ Qxb5 8. Qe2 Qxe2+ 9. Nxe2 Nc6 10. Nd2 Nge7 11. Nf3 Nf5 12. Bd2 Be7 13. O-O O-O 14. Rab1 Rac8 15. b4 cxb4 16. cxb4 Nb8 17. Rfc1 Nd7 18. g4 Nh4 19. Nxh4 Bxh4 20. g5 f6 21. f4 Nb6 22. Rb3 Nc4 23. Rbc3 Rc6 24. Be1 fxg5 25. Bxh4 gxh4 26. Rh3 Rfc8 27. Kh1 Nd2 28. Rxc6 Rxc6 29. Rxh4 Rc2 30. a3 Nc4 31. Ng3 g6 32. a4 Ne3 33. h3 Rd2 34. f5 gxf5 35. Nh5 h6 36. Nf6+ Kg7 37. Ne8+ Kg6 38. Rf4 Kg5 39. Rf3 Nc2 40. Nd6 Nxd4 41. Rf1 Nc6 42. Nxb7 Nxe5 43. Nc5 Kf6 44. a5 Rb2 45. Na6 Nd3 46. Ra1 Nxb4 47. Nxb4 Rxb4 48. Kg2 f4 49. a6 e5 50. Rc1 Rb6 51. Rc5 Ke6 52. Ra5 e4 53. Ra2 Ke5 54. Kf2 Rb3 55. Kg2 Rg3+ 56. Kh2 Rg6 57. h4 f3 58. Ra5 e3 0-1

[Event "27th Klatovy B 2019"]
[Site "Klatovy CZE"]
[Date "2019.07.07"]
[Round "9.44"]
[White "Trcka, Bohdan"]
[Black "Malik, Zdenek"]
[Result "1-0"]
[WhiteElo "1569"]
[BlackElo "1391"]
[PlyCount "57"]
[EventDate "2019.06.29"]
[EventType "swiss"]
[EventRounds "9"]
[EventCountry "CZE"]

1. e4 c5 2. f4 d6 3. Be2 a6 4. d3 Nf6 5. g4 Nc6 6. g5 Nd7 7. c3 g6 8. h4 h5 9. f5 Nde5 10. Na3 gxf5 11. Bxh5 Nxd3+ 12. Qxd3 Rxh5 13. exf5 Ne5 14. Qe2 Rh8 15. Nf3 Bg7 16. Nxe5 Bxe5 17. Qf3 d5 18. g6 f6 19. h5 Qd7 20. g7 Rg8 21. h6 Qxf5 22. Qh5+ Kd8 23. Qxf5 Bxf5 24. h7 Bxh7 25. Rxh7 f5 26. Bh6 Rc8 27. O-O-O e6 28. Nc4 Ke8 29. Nxe5 1-0

[Event "27th Klatovy B 2019"]
[Site "Klatovy CZE"]
[Date "2019.07.07"]
[Round "9.45"]
[White "Roubal, Matyas"]
[Black "Vavrinkova, Jitka"]
[Result "0-1"]
[WhiteElo "1019"]
[BlackElo "1566"]
[PlyCount "134"]
[EventDate "2019.06.29"]
[EventType "swiss"]
[EventRounds "9"]
[EventCountry "CZE"]

1. e4 e6 2. d4 d5 3. Nc3 Nf6 4. Bg5 Be7 5. Bd3 dxe4 6. Nxe4 Nxe4 7. Bxe7 Qxe7 8. Bxe4 Nd7 9. Nf3 Nf6 10. Bd3 Qb4+ 11. Qd2 Qxb2 12. O-O Qa3 13. Rfe1 O-O 14. Qf4 Qa5 15. Re5 Qc3 16. Rae1 h6 17. h3 Bd7 18. Rc5 Qb4 19. Rce5 Bc6 20. g4 Bxf3 21. Qxf3 Qxd4 22. c3 Qd6 23. g5 Nd7 24. gxh6 Nxe5 25. Qg3 g6 26. Rxe5 Kh7 27. Qe3 Rg8 28. h4 Rad8 29. Bc2 Qd2 30. Qf3 Rd7 31. Ba4 c6 32. Re2 Qxh6 33. Re4 b5 34. Bb3 a5 35. a3 a4 36. Ba2 Qd2 37. Re2 Qc1+ 38. Kg2 Qxa3 39. Qxc6 Rgd8 40. Qxb5 Qxc3 41. Qxa4 Qd4 42. Qc2 Qg4+ 43. Kh1 Rd1+ 44. Kh2 Qxh4+ 45. Kg2 Qh1+ 46. Kg3 Rg1+ 47. Kf4 Qh4+ 48. Kf3 Qg4+ 49. Ke3 Qd4+ 50. Kf3 Rg4 51. Re4 Rxe4 52. Qxe4 Qxe4+ 53. Kxe4 Rd2 54. Bc4 Rxf2 55. Bb5 g5 56. Ke3 Rb2 57. Bd3+ Kh6 58. Be4 f5 59. Bh1 e5 60. Bf3 Rb3+ 61. Kf2 Rxf3+ 62. Kxf3 g4+ 63. Kg3 Kg5 64. Kg2 f4 65. Kf2 g3+ 66. Kg2 e4 67. Kg1 e3 0-1

[Event "27th Klatovy B 2019"]
[Site "Klatovy CZE"]
[Date "2019.07.07"]
[Round "9.46"]
[White "Chmelik, Benedikt"]
[Black "Vojir, Vaclav 2005"]
[Result "1-0"]
[WhiteElo "1558"]
[BlackElo "1337"]
[PlyCount "75"]
[EventDate "2019.06.29"]
[EventType "swiss"]
[EventRounds "9"]
[EventCountry "CZE"]

1. e4 e6 2. d4 d5 3. Nd2 a6 4. Bd3 c5 5. c3 cxd4 6. cxd4 Nc6 7. Ne2 Nge7 8. O-O g6 9. Nf3 Bg7 10. e5 O-O 11. Bg5 Qb6 12. Qd2 Re8 13. Bf6 Qb4 14. Qg5 Nf5 15. Bxf5 exf5 16. Bxg7 Kxg7 17. Qf6+ Kg8 18. Ng5 Be6 19. Nf4 Qe7 20. Nh5 Qf8 21. Nf4 Qg7 22. Qxg7+ Kxg7 23. Rfd1 h6 24. Nf3 g5 25. Nd3 g4 26. Nfe1 Nxd4 27. Nc5 Nc6 28. f4 f6 29. Nxe6+ Rxe6 30. exf6+ Kxf6 31. Rxd5 Rae8 32. Nd3 R8e7 33. Rc1 Re4 34. Rcc5 Nd4 35. Rd6+ Kg7 36. Kf1 h5 37. Rcd5 h4 38. Rxd4 1-0

[Event "27th Klatovy B 2019"]
[Site "Klatovy CZE"]
[Date "2019.07.07"]
[Round "9.47"]
[White "Popov, Roman4"]
[Black "Matejicek, Vojtech"]
[Result "1/2-1/2"]
[WhiteElo "1239"]
[BlackElo "1472"]
[PlyCount "124"]
[EventDate "2019.06.29"]
[EventType "swiss"]
[EventRounds "9"]
[EventCountry "CZE"]

1. e4 c5 2. Nf3 Nc6 3. d4 cxd4 4. Nxd4 d6 5. Nc3 e5 6. Ndb5 a6 7. Na3 b5 8. Nd5 Nge7 9. Bg5 h6 10. Bxe7 Bxe7 11. Be2 O-O 12. O-O Kh8 13. Qd3 f5 14. Rad1 fxe4 15. Qxe4 Bf5 16. Qe3 Bg5 17. Qc3 Rc8 18. Qe1 Nd4 19. Bd3 Nxc2 20. Nxc2 Bxd3 21. Rxd3 Rxc2 22. Qb1 Rc5 23. Rfd1 Qd7 24. b3 Qf5 25. Rf3 Qc8 26. Rxf8+ Qxf8 27. h3 Qf7 28. Nb4 a5 29. Nd3 Rd5 30. Ne1 Rxd1 31. Qxd1 Qe6 32. Nf3 Bf6 33. Qd2 b4 34. Kh1 e4 35. Nd4 Qd5 36. Nf3 Qxd2 37. Nxd2 d5 38. Kg1 Bc3 39. Nb1 d4 40. Kf1 g5 41. Ke2 Kg7 42. f3 d3+ 43. Ke3 exf3 44. gxf3 d2 45. Nxd2 Bxd2+ 46. Kxd2 Kf6 47. Kd3 Kf5 48. Kc4 Kf4 49. Kb5 Kxf3 50. Kxa5 Kg3 51. Kxb4 Kxh3 52. a4 g4 53. a5 g3 54. a6 g2 55. a7 g1=Q 56. a8=Q Qd4+ 57. Kb5 Qe5+ 58. Kb4 Qd4+ 59. Kb5 Qe5+ 60. Kb4 Qe1+ 61. Kb5 Qf1+ 62. Kb4 Qf4+ 1/2-1/2

[Event "27th Klatovy B 2019"]
[Site "Klatovy CZE"]
[Date "2019.07.07"]
[Round "9.48"]
[White "Silhavy, Josef"]
[Black "Vavrinkova, Marie"]
[Result "1/2-1/2"]
[WhiteElo "1448"]
[BlackElo "1185"]
[PlyCount "128"]
[EventDate "2019.06.29"]
[EventType "swiss"]
[EventRounds "9"]
[EventCountry "CZE"]

1. e4 e5 2. Nf3 Nf6 3. Nxe5 d6 4. Nf3 Nxe4 5. d4 d5 6. Bd3 Bd6 7. O-O O-O 8. c4 c6 9. Re1 Re8 10. a3 a5 11. cxd5 cxd5 12. Nc3 Nxc3 13. Rxe8+ Qxe8 14. bxc3 Bg4 15. Be3 Nc6 16. h3 Be6 17. Qb3 Rb8 18. Ng5 h6 19. Nxe6 Qxe6 20. Bb5 Qd7 21. c4 dxc4 22. Qxc4 Rc8 23. Qd3 Qe7 24. a4 Nb4 25. Qf5 Rc7 26. Rf1 Rc2 27. Qg4 Qf6 28. Qe4 b6 29. Rc1 Rxc1+ 30. Bxc1 Qd8 31. Be3 Nd5 32. Bd3 Nf6 33. Qf5 Qe8 34. Bb5 Qd8 35. g4 Nd5 36. Bc4 Nf6 37. h4 g6 38. Qf3 Qe7 39. Bd3 Nh7 40. Qh3 Kg7 41. h5 g5 42. Qf1 Nf6 43. Bf5 Nd5 44. Qd3 Qe8 45. Qb3 Qd8 46. Kg2 Bf4 47. Kf3 Nxe3 48. fxe3 Bc7 49. d5 Bd6 50. e4 Qf6 51. Qxb6 Qc3+ 52. Qe3 Qe5 53. Ke2 Qb2+ 54. Qd2 Qb6 55. Qc3+ f6 56. Qc6 Qb2+ 57. Kd3 Qa3+ 58. Kc2 Qa2+ 59. Kc3 Be5+ 60. Kd3 Qb3+ 61. Kd2 Qb2+ 62. Qc2 Bf4+ 63. Kd1 Qd4+ 64. Ke1 Qe3+ 1/2-1/2

[Event "27th Klatovy B 2019"]
[Site "Klatovy CZE"]
[Date "2019.07.07"]
[Round "9.49"]
[White "Jedlicka, Pavel"]
[Black "Kasik, Denis"]
[Result "0-1"]
[WhiteElo "1445"]
[BlackElo "1208"]
[PlyCount "96"]
[EventDate "2019.06.29"]
[EventType "swiss"]
[EventRounds "9"]
[EventCountry "CZE"]

1. d4 d5 2. f4 Nf6 3. Nf3 a6 4. e3 g6 5. c4 Bg4 6. Nc3 c6 7. h3 Bxf3 8. Qxf3 Bg7 9. Bd3 O-O 10. a4 Nbd7 11. b3 e6 12. O-O Re8 13. g4 Rc8 14. Bd2 Qc7 15. Rac1 a5 16. Ne2 b6 17. Ng3 Rf8 18. f5 Ne8 19. cxd5 exd5 20. Qg2 Qd8 21. Ne2 c5 22. fxg6 hxg6 23. Qxd5 Nef6 24. Qg2 Nh7 25. Bc4 Ne5 26. Ba6 Rc7 27. Bc3 Nc6 28. dxc5 bxc5 29. Bxg7 Kxg7 30. Rxc5 Nb4 31. Rxc7 Nxa6 32. Rc3 Nb4 33. Nd4 Nd5 34. Rxf7+ Kxf7 35. Rc5 Ne7 36. Qb7 Qd6 37. Qc7 Qxc7 38. Rxc7 Ke8 39. Ra7 Ng5 40. Rxa5 Nf3+ 41. Kg2 Nxd4 42. exd4 Rf4 43. d5 Rd4 44. Rb5 Nxd5 45. a5 Kd7 46. Rb7+ Kc8 47. a6 Nb4 48. Rg7 Nd5 0-1

[Event "27th Klatovy B 2019"]
[Site "Klatovy CZE"]
[Date "2019.07.07"]
[Round "9.50"]
[White "Veverkova, Dorota"]
[Black "Zimovcak, Zdenek"]
[Result "0-1"]
[WhiteElo "1348"]
[BlackElo "1600"]
[PlyCount "62"]
[EventDate "2019.06.29"]
[EventType "swiss"]
[EventRounds "9"]
[EventCountry "CZE"]

1. e4 e5 2. Nf3 Nc6 3. d4 exd4 4. Bc4 Be7 5. O-O Bf6 6. Bf4 d6 7. Re1 Ne5 8. Nxe5 dxe5 9. Bg3 Ne7 10. Nd2 Ng6 11. Qe2 O-O 12. Rad1 Qe7 13. Nf3 Be6 14. Bxe6 Qxe6 15. a3 c5 16. Qb5 b6 17. Qd3 Rac8 18. c3 c4 19. Qd2 d3 20. h4 h6 21. h5 Ne7 22. Bh4 Bxh4 23. Nxh4 Qg4 24. Nf3 Qxh5 25. Re3 Ng6 26. Nh2 Nf4 27. g3 Ne2+ 28. Kg2 Rcd8 29. Rh1 Qg6 30. Rf3 Qxe4 31. Re1 f5 0-1

[Event "27th Klatovy B 2019"]
[Site "Klatovy CZE"]
[Date "2019.07.07"]
[Round "9.51"]
[White "Filip, Petr 1952"]
[Black "Kratochvil, Milos 1976"]
[Result "0-1"]
[WhiteElo "1324"]
[BlackElo "1528"]
[PlyCount "40"]
[EventDate "2019.06.29"]
[EventType "swiss"]
[EventRounds "9"]
[EventCountry "CZE"]

1. b3 e5 2. Bb2 Nc6 3. e3 d6 4. Nc3 Nf6 5. h3 Be7 6. Nge2 Bf5 7. Ng3 Qd7 8. Nh5 Nxh5 9. Qxh5 Nb4 10. Rc1 Nxc2+ 11. Rxc2 Bxc2 12. d3 Qe6 13. b4 Ba4 14. Be2 Bd7 15. Bg4 Qg6 16. Bxd7+ Kxd7 17. Qf3 Qxd3 18. Nd1 f6 19. Bc1 d5 20. a4 Bxb4+ 0-1

[Event "27th Klatovy B 2019"]
[Site "Klatovy CZE"]
[Date "2019.07.07"]
[Round "9.52"]
[White "Havelkova, Beata"]
[Black "Levinsky, Ladislav"]
[Result "1-0"]
[WhiteElo "1316"]
[BlackElo "1515"]
[PlyCount "61"]
[EventDate "2019.06.29"]
[EventType "swiss"]
[EventRounds "9"]
[EventCountry "CZE"]

1. e4 c5 2. c3 Nc6 3. d4 cxd4 4. cxd4 d5 5. exd5 Qxd5 6. Nf3 Bg4 7. Be2 e6 8. h3 Bb4+ 9. Nc3 Bh5 10. O-O Bxc3 11. bxc3 Nge7 12. c4 Qd7 13. Be3 Bg6 14. Qd2 O-O 15. Rfd1 Rfd8 16. Nh4 f6 17. Nxg6 hxg6 18. Bg4 f5 19. Bf3 Qc7 20. g3 e5 21. d5 Qa5 22. Qxa5 Nxa5 23. d6 Nec6 24. Bd5+ Kf8 25. c5 Nb4 26. Bg5 Nxd5 27. Bxd8 Rxd8 28. Rxd5 e4 29. Rb1 Rd7 30. g4 f4 31. Rb4 1-0

[Event "27th Klatovy B 2019"]
[Site "Klatovy CZE"]
[Date "2019.07.07"]
[Round "9.53"]
[White "Novak, Rudolf"]
[Black "Martinek, Lukas"]
[Result "0-1"]
[WhiteElo "1499"]
[BlackElo "1301"]
[PlyCount "106"]
[EventDate "2019.06.29"]
[EventType "swiss"]
[EventRounds "9"]
[EventCountry "CZE"]

1. e4 e5 2. Nf3 Nc6 3. Bc4 Nf6 4. O-O Nxe4 5. Re1 d5 6. Bb5 f6 7. Nxe5 fxe5 8. Qh5+ Ke7 9. Bxc6 bxc6 10. d3 Nf6 11. Qxe5+ Kf7 12. Bg5 Bd6 13. Qc3 Bd7 14. Nd2 Bxh2+ 15. Kh1 Bd6 16. Nf3 h6 17. Bh4 Re8 18. Ne5+ Bxe5 19. Rxe5 Rxe5 20. Qxe5 Rc8 21. f3 Qe7 22. Qc3 Qd6 23. Qe1 c5 24. Bg3 Qb6 25. b3 Re8 26. Qd2 Re6 27. Re1 Rxe1+ 28. Qxe1 Ne8 29. Qe5 Qe6 30. Qc3 Qe3 31. Qa5 Qc1+ 32. Kh2 Qxc2 33. Qxa7 Qxd3 34. Qxc5 Qb5 35. Qd4 Qc6 36. a4 Qb7 37. Qc3 Be6 38. b4 Bd7 39. a5 Bb5 40. Qe5 Qc6 41. Qf4+ Kg8 42. Qd2 Qc4 43. Bf2 Nf6 44. Bc5 c6 45. Qe3 Kh7 46. Bf8 Nh5 47. Qe5 Qf4+ 48. Qxf4 Nxf4 49. Kg3 Ne6 50. Bc5 Nxc5 51. bxc5 d4 52. Kf2 Kg6 53. f4 Kf5 0-1

[Event "27th Klatovy B 2019"]
[Site "Klatovy CZE"]
[Date "2019.07.07"]
[Round "9.54"]
[White "Skopkova, Marcela"]
[Black "Stross, Frantisek 1952"]
[Result "0-1"]
[WhiteElo "1263"]
[BlackElo "1458"]
[PlyCount "88"]
[EventDate "2019.06.29"]
[EventType "swiss"]
[EventRounds "9"]
[EventCountry "CZE"]

1. c4 Nf6 2. Nc3 e5 3. a3 a5 4. b3 Bc5 5. e3 d6 6. d4 exd4 7. exd4 Bb6 8. Nf3 Bg4 9. Be2 O-O 10. O-O h6 11. Be3 Nbd7 12. h3 Bh5 13. Ra2 c5 14. d5 Qe7 15. Nh2 Bg6 16. Ng4 Nxg4 17. Bxg4 f5 18. Be2 f4 19. Bc1 Ne5 20. Bg4 Qf6 21. Be6+ Kh7 22. f3 Nf7 23. Bxf7 Rxf7 24. Ne2 Qh4 25. a4 Bd8 26. Qe1 Bd3 27. Rd2 Qxe1 28. Rxe1 Bh4 29. Red1 Bg6 30. Ra2 Bg5 31. Nc3 Bf6 32. Nb5 Be5 33. Bb2 Bc2 34. Bxe5 Bxd1 35. Bxd6 Bxb3 36. Rd2 Bxc4 37. Bxc5 Bxb5 38. axb5 Rc8 39. d6 Rd7 40. Ba3 b6 41. Rd3 Re8 42. Kf2 Re5 43. g3 fxg3+ 44. Kxg3 Rxb5 0-1

[Event "27th Klatovy B 2019"]
[Site "Klatovy CZE"]
[Date "2019.07.07"]
[Round "9.55"]
[White "Sykora, Vaclav"]
[Black "Devera, Filip"]
[Result "1/2-1/2"]
[WhiteElo "1422"]
[BlackElo "1253"]
[PlyCount "27"]
[EventDate "2019.06.29"]
[EventType "swiss"]
[EventRounds "9"]
[EventCountry "CZE"]

1. d4 e6 2. Nf3 d5 3. e3 c5 4. c4 Nc6 5. Nc3 Nf6 6. Be2 Be7 7. O-O O-O 8. a3 dxc4 9. Bxc4 cxd4 10. exd4 b6 11. d5 Na5 12. Ba2 exd5 13. Nxd5 Nxd5 14. Bxd5 1/2-1/2

[Event "27th Klatovy B 2019"]
[Site "Klatovy CZE"]
[Date "2019.07.07"]
[Round "9.56"]
[White "Kadlec, Rudolf"]
[Black "Skalicky, Jindrich"]
[Result "1-0"]
[WhiteElo "1400"]
[BlackElo "1201"]
[PlyCount "87"]
[EventDate "2019.06.29"]
[EventType "swiss"]
[EventRounds "9"]
[EventCountry "CZE"]

1. e4 c5 2. d4 cxd4 3. Nf3 Nc6 4. Bc4 e6 5. O-O Qc7 6. a3 Be7 7. c3 dxc3 8. Nxc3 Nf6 9. Re1 O-O 10. Ba2 d6 11. Bf4 e5 12. Bg5 Qd8 13. h3 Ne8 14. Bxe7 Qxe7 15. Nd5 Qd8 16. Qd2 Be6 17. Ng5 Bxd5 18. Bxd5 Qe7 19. Rab1 Rc8 20. Nf3 Nd8 21. Re3 Ne6 22. Nh2 Rc7 23. Rg3 Kh8 24. Ng4 Rg8 25. Ne3 Nf6 26. Nf5 Qd8 27. Rc3 Nxd5 28. exd5 Nc5 29. f3 Na6 30. Rbc1 g6 31. Nh6 Rg7 32. Rxc7 Nxc7 33. Qa5 f5 34. Rd1 Qg5 35. Qxa7 Qxh6 36. Qb8+ Rg8 37. Qxc7 Qe3+ 38. Kh1 Qe2 39. Rc1 Qxb2 40. a4 Qb4 41. a5 Rg7 42. Qd8+ Rg8 43. Qf6+ Rg7 44. Rc8# 1-0